000 00634nam a2200241Ia 4500
003 GCL
008 140319s9999 xx 000 0 eng d
040 _aGCL /
_cGCL
082 0 4 _a624.183412
_bK R
100 1 _aKONG, F. K.
245 1 0 _aREINTORCED AND PRESTRESSED CONCRETE, 3RD ED /
_cKONG, F. K.
700 1 _aEVANS, R. H.
260 _a[S.N] :
_bELBS ،
_c1987
300 _a508 P
650 0 4 _aBUILDINGS
650 0 4 _aCIVIL ENGINEERING
650 0 4 _aCONCRETE
650 0 4 _aSTRUCTURAL DESIGN
650 0 4 _aSTRUCTURAL ENGINEERING
650 0 4 _aSTRUCTURAL CONCRETE
650 0 4 _aREINFORCED CONCRETE
942 _2ddc
_cBK
999 _c20433
_d20433